| 000 | 00690nam a2200229Ia 4500 | ||
|---|---|---|---|
| 005 | 20250508163745.0 | ||
| 008 | 008 250505s9999 xx 000 0 eng d | ||
| 020 | _a0-7507-0837-7 | ||
| 037 | _aReference | ||
| 040 |
_aFEDL _beng _cFEDL |
||
| 041 |
_aeng _2eng |
||
| 084 |
_a370, DAV _qFEDL |
||
| 100 |
_aDavid Miriam Ed. _9776237 |
||
| 245 | 0 | _aNegotiating the glass ceiling: Careers of senior women in the academic World | |
| 260 |
_aLondon, UK _bFalmer Press _c1998 |
||
| 300 | _avi,216p. | ||
| 365 |
_aGBP _b50 |
||
| 650 |
_aEducation; Educationist - women _9776238 |
||
| 700 |
_a Woodward Diana Ed. _9776239 |
||
| 942 |
_cREF _h370, DAV |
||
| 999 |
_c1385093 _d1385093 |
||